000 00820nam a2200253Ia 4500
003 OSt
005 20221007123938.0
006 a|||||r|||| 00| 0
007 ta
008 221006b |||||||| |||| 00| 0 eng d
020 _a9781405124362 (hbd)
024 _a82255
037 _b1078, 30/09/2008, Educational Book Agency (India)
_cTextbook
040 _aCDL
_cCDL
_beng
041 _2eng
_aeng
082 _aE9G,C, P8 Carc
100 _aAllen James P
_9466855
245 0 _aBiophysical chemistry
260 _aChichester
_bWiley-Blackwell
_c2008
300 _axvi, 492p.
_ccm.
500 _aIncludes bibliographical references.; Index 488-492p.
942 _hE9G,C, P8 Carc
_cTB
_2CC
999 _c1212690
_d1212690